The legacy of Islam, (Record no. 23389)
[ view plain ]
| 000 -LEADER | |
|---|---|
| fixed length control field | 00997cam a22001691 4500 |
| 082 ## - DEWEY DECIMAL CLASSIFICATION NUMBER | |
| Classification number | 297 |
| Author Cutter | ARN |
| 100 1# - MAIN ENTRY--AUTHOR NAME | |
| Author name | Arnold, Thomas Walker, |
| 245 14 - TITLE STATEMENT | |
| Title | The legacy of Islam, |
| 260 ## - PUBLICATION, DISTRIBUTION, ETC. (IMPRINT) | |
| Place of publication | Oxford, |
| Name of publisher | The Clarendon press, |
| Year of publication | 1931. |
| 300 ## - PHYSICAL DESCRIPTION | |
| Number of Pages | xvi, 416 p. |
| Other physical details | front., illus., plates. |
| 505 0# - FORMATTED CONTENTS NOTE | |
| Formatted contents note | Spain and Portugal, by J. B. Trend.--The crusades, by Ernest Baker.--Geography and commerce, by J. H. Kramera--Islamic minor arts and their influence upon European work, by A. H. Christie.--Islamic art and its influence on painting in Europe, by the late Sir Thomas Arnold.- Architecture, by M. S. Briggs.--Literature, by H. A. R. Gibb.--Mysticism, by R. A. Nicholson.--Philosophy and theology, by Alfred Guillaume.-- Law and society, by David de Santillana.--Science and medicine, by Max Meyerhof.--Music, by H. G. Farmer.--Astronomy and mathematics, by Baron Carra de Vauz.--Index. |
| 650 #0 - SUBJECT ADDED ENTRY--TOPICAL TERM | |
| Topical Term | Islamic civilization. |
| 650 #0 - SUBJECT ADDED ENTRY--TOPICAL TERM | |
| Topical Term | Islam. |
| 942 ## - ADDED ENTRY ELEMENTS (KOHA) | |
| Koha item type | Books |
| 700 1# - | |
| -- | Guillaume, Alfred, |
| Home library | Current library | Shelving location | Date acquired | Source of acquisition | Full call number | Accession Number | Koha item type |
|---|---|---|---|---|---|---|---|
| Henry Martyn Institute Library | Henry Martyn Institute Library | General stacks | 01/17/2024 | Shareef | 297 ARN | 11004796 | Books |
